|
|
|
|
| LEADER |
02791cam a2200709 i 4500 |
| 001 |
nkc20223385034 |
| 003 |
CZ PrNK |
| 005 |
20220504084542.0 |
| 007 |
ta |
| 008 |
211210s2021 xr ach f 001 0 cze d |
| 015 |
|
|
|a cnb003385034
|
| 020 |
|
|
|a 978-80-7215-691-7
|q (brožováno)
|
| 035 |
|
|
|a (OCoLC)1329407258
|
| 040 |
|
|
|a ULG001
|b cze
|d OLA001
|e rda
|
| 043 |
|
|
|a e-xr---
|
| 045 |
|
|
|a x4x8
|
| 072 |
|
7 |
|a 821.162.3.09
|x Česká literatura (o ní)
|2 Konspekt
|9 11
|
| 080 |
|
|
|a 821.162.3
|2 MRF
|
| 080 |
|
|
|a 82-021.462
|2 MRF
|
| 080 |
|
|
|a 82:098.1
|2 MRF
|
| 080 |
|
|
|a 316.723
|2 MRF
|
| 080 |
|
|
|a 82:32
|2 MRF
|
| 080 |
|
|
|a 82:316.7
|2 MRF
|
| 080 |
|
|
|a 82.07
|2 MRF
|
| 080 |
|
|
|a (437.3)
|2 MRF
|
| 080 |
|
|
|a (048.8)
|2 MRF
|
| 080 |
|
|
|a (082.21)
|2 MRF
|
| 100 |
1 |
|
|a Machovec, Martin,
|d 1956-
|7 ola2002105173
|4 aut
|
| 245 |
1 |
0 |
|a K interpretaci české podzemní a undergroundové literatury :
|b 1948-1989 /
|c Martin Machovec
|
| 250 |
|
|
|a Vydání první
|
| 264 |
|
1 |
|a Praha :
|b Torst,
|c 2021
|
| 300 |
|
|
|a 543 stran :
|b ilustrace, portréty, faksimile ;
|c 20 cm
|
| 336 |
|
|
|a text
|b txt
|2 rdacontent
|
| 337 |
|
|
|a bez média
|b n
|2 rdamedia
|
| 338 |
|
|
|a svazek
|b nc
|2 rdacarrier
|
| 504 |
|
|
|a Obsahuje bibliografii, bibliografické odkazy a rejstřík
|
| 648 |
|
7 |
|a 1948-1989
|7 ch460661
|2 czenas
|
| 650 |
0 |
7 |
|a česká literatura
|7 ph116858
|y 1948-1989
|2 czenas
|
| 650 |
0 |
7 |
|a nezávislá literatura
|7 ph158330
|z Česko
|y 1948-1989
|2 czenas
|
| 650 |
0 |
7 |
|a samizdatová literatura
|7 ph125335
|z Česko
|y 1948-1989
|2 czenas
|
| 650 |
0 |
7 |
|a undergroundová kultura
|7 ph467676
|z Česko
|y 1948-1989
|2 czenas
|
| 650 |
0 |
7 |
|a literatura a politika
|7 ph122370
|z Česko
|y 1948-1989
|2 czenas
|
| 650 |
0 |
7 |
|a literatura a kultura
|7 ph798114
|z Česko
|y 1948-1989
|2 czenas
|
| 650 |
0 |
7 |
|a interpretace a přijetí literárního díla
|7 ph137145
|2 czenas
|
| 650 |
0 |
9 |
|a Czech literature
|y 1948-1989
|2 eczenas
|
| 650 |
0 |
9 |
|a independent literature
|z Czechia
|y 1948-1989
|2 eczenas
|
| 650 |
0 |
9 |
|a samizdat literature
|z Czechia
|y 1948-1989
|2 eczenas
|
| 650 |
0 |
9 |
|a underground culture
|z Czechia
|y 1948-1989
|2 eczenas
|
| 650 |
0 |
9 |
|a literature and politics
|z Czechia
|y 1948-1989
|2 eczenas
|
| 650 |
0 |
9 |
|a literature and culture
|z Czechia
|y 1948-1989
|2 eczenas
|
| 650 |
0 |
9 |
|a interpretation and reception of literature
|2 eczenas
|
| 655 |
|
7 |
|a studie
|7 fd133597
|2 czenas
|
| 655 |
|
7 |
|a výbory
|7 fd133853
|2 czenas
|
| 655 |
|
9 |
|a studies
|2 eczenas
|
| 655 |
|
9 |
|a selected works
|2 eczenas
|
| 910 |
2 |
|
|a BOA001
|b 1-1483.424
|
| 920 |
|
|
|a 016020003798097
|z ULG001
|
| 990 |
|
|
|a BK
|
| 995 |
|
|
|a 01
|
| 991 |
|
|
|b 202204
|c NOV
|
| 996 |
6 |
|
|b 2610897372
|c 1-1483.424
|l MZK
|r Sklad / do 1 hodiny
|n 1
|p p.v.
|w 001881213
|u 000010
|a 1
|e BOA001
|j MZK50
|s P
|
| 996 |
7 |
|
|b 2610898298
|c 1-1483.424
|l Vol.výběr
|r VV 1p
|n 4
|p kup
|h 821.162.3 MAC
|w 001881213
|u 000020
|a 0
|e BOA001
|j MZK50
|s A
|